Online Help Systems Design and Implementation

Gespeichert in:
Bibliographische Detailangaben
1. Verfasser: Kearsley, Greg
Format: Buch
Sprache:Englisch
Veröffentlicht: Norwood Ablex Publ. Corp. 1988
Ausgabe:1. ed.
Schlagworte:
Tags: Tag hinzufügen
Keine Tags, Fügen Sie das erste Tag hinzu!

MARC

LEADER 00000nam a2200000 4500
001 c013265
005 20221206134433.9
020 |a 0-89391-472-X 
041 0 |a eng 
044 |a US 
245 1 0 |a Online Help Systems  |b Design and Implementation  |c Greg Kearsley 
250 |a 1. ed. 
264 1 |a Norwood  |b Ablex Publ. Corp.  |c 1988 
300 |a 115 s. 
610 2 0 |a systémy automatické 
610 2 0 |a systém on-line 
610 2 0 |a počítače 
610 2 0 |a využitie počítačov 
100 1 |a Kearsley, Greg